000 00621nam a2200205Ia 4500
005 20250923145632.0
008 008 250917s9999 xx 000 0 eng d
037 _aTextual
040 _aDSWL
_beng
_cDSWL
041 _aeng
_2eng
084 _aY5927:4:5(Z).2, N84
_qDSWL
100 _aGalanter, M.
_9837401
245 0 _aCompeting Equalities : Law and the Backward Classes in India
_c by M.Galanter
260 _aNew Delhi
_bDelhi Oxford
_c1984
300 _axxii,625 p.
365 _aINR
_b144.00
925 _g144.00
942 _cTEXL
_hY5927:4:5(Z).2, N84
999 _c1453746
_d1453746